000 00537nam a2200169 i 4500
001 85839
003 ES-MaACL
005 20230906175323.0
007 t|
008 041202s1955 sp ||||1| spa d
100 1 _aKeeler, Harry Stephen.
_967708
245 1 3 _aEl caso del trapero enjoyado /
_cpor Harry Stephen Keeler ; traducción de Fernando Noriega Olea.
260 _aMadrid :
_bInstituto Editorial Reus,
_c1955.
300 _a266 p. ;
_c19 cm.
700 1 _aNoriega Olea, Fernando.
_985986
852 _aES-MaACL
_jC-11051
_bR.37226
999 _c85839
_d85839